Najwieksze miasta Polski bez klubu w Ekstraklasie - Statystyki

Ogólne statystyki
  • Ten quiz został rozwiązany 33 razy
  • Średni wynik to 8 z 10
Statystyki odpowiedzi
L.mieszkańców Miasto % Poprawnych
320000 Bydgoszcz
96%
670000 Wrocław
96%
200000 Rzeszów
93%
170000 Olsztyn
89%
190000 Toruń
82%
140000 Zielona Góra
82%
190000 Sosnowiec
79%
150000 Bytom
75%
170000 Bielsko-Biała
68%
130000 Rybnik
57%
Nie znaleziono quizów pasujących do podanych kryteriów
Rozkład punktacji
Procent ludzi z każdym wynikiem
Percentyl według liczby udzielonych odpowiedzi
Twoja historia wyników
Nie rozwiązałeś tego quizu